Toxicología de los alimentos
Saved in:
| Hovedforfatter: | |
|---|---|
| Format: | Bog |
| Sprog: | spansk |
| Udgivet: |
Zaragoza
Acribia
1995
|
| Udgivelse: | 2a. ed |
| Fag: | |
| Tags: |
Tilføj Tag
Ingen Tags, Vær først til at tagge denne postø!
|
MARC
| LEADER | 00000nam a2200000 a 4500 | ||
|---|---|---|---|
| 001 | UCZ2083 | ||
| 003 | CL-VaPUC | ||
| 008 | 950925e19950000SP |||||||||||||||||spa|d | ||
| 082 | 0 | 4 | |a 576.163 |b LIN |2 21 |
| 100 | |a Lindner, Ernst |e autor |9 345906 | ||
| 245 | 1 | 0 | |a Toxicología de los alimentos |
| 250 | |a 2a. ed | ||
| 300 | |a 262 p | ||
| 942 | |c BK | ||
| 945 | |d 19950925 00:00:00 |a awong | ||
| 260 | |a Zaragoza |b Acribia |c 1995 | ||
| 650 | 0 | |a Intoxicación por alimentos |9 325368 | |
| 650 | 0 | |a Venenos |9 345907 | |
| 650 | 7 | |a TOXINAS |2 CL-VaPUC |9 345908 | |
| 650 | 0 | |a Alimentos |9 256203 | |
| 650 | 7 | |a DETERIORO DE ALIMENTOS |2 CL-VaPUC |9 345886 | |
| 583 | |a last modification |c 19950925 00:00:00 |k Rodrigo Vera | ||
| 999 | |c 238735 |d 238733 | ||
| 952 | |0 0 |1 0 |4 0 |6 576_163000000000000_LIN_1995 |7 0 |8 A |9 249168 |a BIBALI |b BIBALI |c GEN |d 2019-11-18 |i 313671K |o 576.163 LIN 1995 |p 313671K |r 2025-01-20 |w 2019-11-18 |y BK |k ALI | ||